Oficio de tinieblas

Uloženo v:
Podrobná bibliografie
Hlavní autor: Castellanos, Rosario (Autor)
Médium: Kniha
Jazyk:španělština
Vydáno: Ciudad de México Joaquín Mortiz 1962
Edice:Novelistas Contemporáneos
Témata:
Tagy: Přidat tag
Žádné tagy, Buďte první, kdo vytvoří štítek k tomuto záznamu!

MARC

LEADER 00000nam a2200000 a 4500
001 UCQ4712
003 CL-VaPUC
008 980910e19620000MX |||||||||||||||||spa|d
082 0 4 |a Me863  |b CAS  |2 21 
100 0 |a Castellanos, Rosario  |e author  |9 418936 
245 1 0 |a Oficio de tinieblas 
300 |a 368 p 
942 |c BK 
945 |d 19980910 00:00:00  |a lriquelm 
260 |a Ciudad de México  |b Joaquín Mortiz  |c 1962 
650 0 |a Novelas mexicanas  |9 317570 
650 0 |a Literatura mexicana  |9 313097 
583 |a last modification  |c 19980910 00:00:00  |k Rodrigo Vera 
490 0 |a Novelistas Contemporáneos 
999 |c 275018  |d 275016 
952 |0 0  |1 0  |4 0  |6 ME_863_000000000000000_CAS_1962  |7 0  |8 A  |9 311526  |a BIBEDU  |b BIBEDU  |d 2019-11-20  |i 3294862  |o Me863 CAS 1962  |p 3294862  |r 2019-11-20  |w 2019-11-20  |y BK  |k LIT